[Event "Berlin-ch Seniors op 25th"]
[Site "Berlin"]
[Date "2009.02.12"]
[Round "1"]
[White "Barnekow, Peter"]
[Black "Kolkwitz, Klaus"]
[Result "1-0"]
[WhiteElo "1571"]
[BlackElo "1936"]
[PlyCount "33"]
[EventDate "2009.02.12"]
[EventType "swiss"]
[EventRounds "9"]
[EventCountry "GER"]
[SourceTitle "EXT 2022"]
[Source "ChessBase"]
[SourceDate "2021.10.06"]
[SourceVersion "1"]
[SourceVersionDate "2021.10.06"]
[SourceQuality "1"]

1. d4 d6 2. e4 g6 3. Nf3 Bg7 4. Nc3 c6 5. Be2 Nd7 6. 0-0 e5 7. Be3 Ne7 8. Qd2 0-0 9. Rad1 f5 10. Bh6 f4 11. Bxg7 Kxg7 12. dxe5 dxe5 13. Nxe5 Qc7 14. Nxd7 Rd8 15. Qd4+ Kh6 16. Bg4 Ng8 17. e5 1-0

[Event "Berlin-ch Seniors op 24th"]
[Site "Berlin"]
[Date "2008.02.28"]
[Round "8"]
[White "Barnekow, Peter"]
[Black "Ahlberg, Guenter"]
[Result "0-1"]
[WhiteElo "1374"]
[BlackElo "1825"]
[PlyCount "68"]
[EventDate "2008.02.21"]
[EventType "swiss"]
[EventRounds "9"]
[EventCountry "GER"]
[SourceTitle "EXT 2022"]
[Source "ChessBase"]
[SourceDate "2021.10.06"]
[SourceVersion "1"]
[SourceVersionDate "2021.10.06"]
[SourceQuality "1"]

1. d4 c6 2. c4 d5 3. e3 Bf5 4. Nc3 e6 5. a3 Nf6 6. Nf3 Bd6 7. Be2 Nbd7 8. 0-0 0-0 9. Nh4 Bg6 10. Nxg6 hxg6 11. cxd5 cxd5 12. Bd2 Rc8 13. Rc1 Bb8 14. f4 a6 15. Bd3 b5 16. g4 Nb6 17. b3 Bd6 18. Ra1 Qe7 19. a4 b4 20. Nb1 a5 21. g5 Ne4 22. Bxe4 dxe4 23. Be1 f6 24. h4 fxg5 25. hxg5 Nd5 26. Bf2 Rf5 27. Qg4 Nxf4 28. Bh4 Nd5 29. Rxf5 exf5 30. Qe2 Rc1+ 31. Kg2 Qc7 32. Be1 Be7 33. Bh4 Rc2 34. Nd2 Qc3 0-1

[Event "Berlin-ch Seniors op 24th"]
[Site "Berlin"]
[Date "2008.02.27"]
[Round "7"]
[White "Metzger, Eberhard"]
[Black "Barnekow, Peter"]
[Result "1-0"]
[WhiteElo "1803"]
[BlackElo "1374"]
[PlyCount "73"]
[EventDate "2008.02.21"]
[EventType "swiss"]
[EventRounds "9"]
[EventCountry "GER"]
[SourceTitle "EXT 2022"]
[Source "ChessBase"]
[SourceDate "2021.10.06"]
[SourceVersion "1"]
[SourceVersionDate "2021.10.06"]
[SourceQuality "1"]

1. e4 e5 2. Nf3 Nc6 3. Bb5 d6 4. d4 a6 5. Bxc6+ bxc6 6. dxe5 Bg4 7. exd6 cxd6 8. 0-0 Be7 9. Qd3 h6 10. Nc3 Be6 11. b3 Nf6 12. Bb2 0-0 13. Rfe1 Qc7 14. a4 a5 15. Rad1 Rfd8 16. Qe2 Nd7 17. Nd4 Nf8 18. Nxe6 Nxe6 19. Qg4 Bf6 20. Ba1 Rab8 21. Ne2 Bxa1 22. Rxa1 Rb4 23. Ng3 d5 24. Rad1 Ng5 25. h4 Nxe4 26. Nxe4 Rxe4 27. Rxe4 dxe4 28. Rxd8+ Qxd8 29. Qxe4 Qd5 30. Qxd5 cxd5 31. Kf1 Kf8 32. Ke2 Ke7 33. Kd3 Kd7 34. Kd4 Kd6 35. f4 g6 36. c3 f6 37. b4 1-0

[Event "Berlin-ch Seniors op 24th"]
[Site "Berlin"]
[Date "2008.02.26"]
[Round "6"]
[White "Barnekow, Peter"]
[Black "Fischer, Semen"]
[Result "1/2-1/2"]
[WhiteElo "1374"]
[BlackElo "1717"]
[PlyCount "71"]
[EventDate "2008.02.21"]
[EventType "swiss"]
[EventRounds "9"]
[EventCountry "GER"]
[SourceTitle "EXT 2022"]
[Source "ChessBase"]
[SourceDate "2021.10.06"]
[SourceVersion "1"]
[SourceVersionDate "2021.10.06"]
[SourceQuality "1"]

1. d4 f5 2. c4 Nf6 3. Nc3 e6 4. Nf3 Be7 5. e3 c6 6. Bd3 d5 7. Ne5 0-0 8. f4 Ne4 9. 0-0 Nd7 10. cxd5 cxd5 11. Nxe4 fxe4 12. Be2 Nxe5 13. fxe5 Bd7 14. Bd2 Qb6 15. b3 Rxf1+ 16. Bxf1 Rf8 17. a4 Bg5 18. Qe1 Qd8 19. Rc1 a6 20. a5 g6 21. Bb4 Rf7 22. Bd6 Bh6 23. h4 Bf8 24. Bc7 Qe8 25. Qc3 Bb5 26. Bb6 Be7 27. Bxb5 Qxb5 28. Qc8+ Kg7 29. Qxe6 Bxh4 30. Qh3 Bf2+ 31. Kh2 Qe2 32. Rc7 Rxc7 33. Bxc7 Bxe3 34. Qd7+ Kh6 35. Qh3+ Kg7 36. Qd7+ 1/2-1/2

[Event "Berlin-ch Seniors op 24th"]
[Site "Berlin"]
[Date "2008.02.24"]
[Round "4"]
[White "Barnekow, Peter"]
[Black "Muratovic, Rafet"]
[Result "1-0"]
[WhiteElo "1374"]
[BlackElo "1693"]
[PlyCount "69"]
[EventDate "2008.02.21"]
[EventType "swiss"]
[EventRounds "9"]
[EventCountry "GER"]
[SourceTitle "EXT 2022"]
[Source "ChessBase"]
[SourceDate "2021.10.06"]
[SourceVersion "1"]
[SourceVersionDate "2021.10.06"]
[SourceQuality "1"]

1. d4 d5 2. c4 e6 3. Nc3 Nf6 4. Nf3 c6 5. e3 Nbd7 6. Bd3 Bd6 7. 0-0 0-0 8. b3 Ng4 9. h3 Ngf6 10. Bb2 Nh5 11. Rc1 f5 12. cxd5 cxd5 13. Nb5 Bb8 14. Ba3 Re8 15. Nd6 Bxd6 16. Bxd6 Nhf6 17. Ne5 Ne4 18. Bxe4 fxe4 19. f3 Nf6 20. Bc7 Qe7 21. fxe4 dxe4 22. Ng4 Nd5 23. Be5 Bd7 24. Nh6+ Kh8 25. Rf7 Nf6 26. Rxe7 Rxe7 27. Ng4 Nd5 28. h4 Be8 29. Qd2 Bh5 30. Nf2 Bg6 31. g4 h5 32. gxh5 Bxh5 33. Nxe4 Rf8 34. Ng5 Kg8 35. Bd6 1-0

[Event "Berlin-ch Seniors op 24th"]
[Site "Berlin"]
[Date "2008.02.22"]
[Round "2"]
[White "Barnekow, Peter"]
[Black "Keusch, Horst"]
[Result "0-1"]
[WhiteElo "1374"]
[BlackElo "1882"]
[PlyCount "56"]
[EventDate "2008.02.21"]
[EventType "swiss"]
[EventRounds "9"]
[EventCountry "GER"]
[SourceTitle "EXT 2022"]
[Source "ChessBase"]
[SourceDate "2021.10.06"]
[SourceVersion "1"]
[SourceVersionDate "2021.10.06"]
[SourceQuality "1"]

1. d4 Nf6 2. c4 e6 3. Nc3 Bb4 4. a3 Bxc3+ 5. bxc3 Ne4 6. Qd3 f5 7. Nf3 0-0 8. e3 b6 9. Be2 Bb7 10. 0-0 d6 11. Bb2 Nd7 12. Nd2 Qg5 13. f4 Qg6 14. Bf3 Ndf6 15. Nb3 Rad8 16. Qc2 h5 17. d5 exd5 18. Nd4 Rde8 19. cxd5 Nxd5 20. Rfe1 c5 21. c4 Ndf6 22. Nb5 a6 23. Nc3 Re7 24. Rad1 Nxc3 25. Bxb7 Nxd1 26. Bd5+ Nxd5 27. Qxd1 Nxe3 28. Qd3 Qxg2# 0-1

[Event "Berlin-ch Seniors op 23rd"]
[Site "Berlin"]
[Date "2007.02.08"]
[Round "4"]
[White "Lemnitz, Donald"]
[Black "Barnekow, Peter"]
[Result "0-1"]
[WhiteElo "1286"]
[BlackElo "1262"]
[PlyCount "70"]
[EventDate "2007.02.05"]
[EventType "swiss"]
[EventRounds "9"]
[EventCountry "GER"]
[SourceTitle "EXT 2022"]
[Source "ChessBase"]
[SourceDate "2021.10.06"]
[SourceVersion "1"]
[SourceVersionDate "2021.10.06"]
[SourceQuality "1"]

1. d4 Nf6 2. Nf3 e6 3. e3 d5 4. Bd3 c5 5. c3 c4 6. Bc2 Bd6 7. Nbd2 0-0 8. 0-0 b5 9. e4 dxe4 10. Nxe4 Bb7 11. Nxf6+ Qxf6 12. Bg5 Bxf3 13. Bxf6 Bxd1 14. Bxd1 gxf6 15. Bf3 Nd7 16. Bxa8 Rxa8 17. Rad1 Nb6 18. Rfe1 Nd5 19. g3 a5 20. f4 f5 21. Kh1 h5 22. Re2 a4 23. a3 Kg7 24. Kg2 Kf6 25. h4 Rg8 26. Kf3 Bxa3 27. bxa3 Nxc3 28. Rb2 Nxd1 29. Rxb5 Rd8 30. Rb4 Rxd4 31. Rxa4 Rd3+ 32. Kg2 Ne3+ 33. Kf2 Ng4+ 34. Ke2 Rxg3 35. Rxc4 Rxa3 0-1

[Event "Brandenburg-ch Seniors 22nd"]
[Site "Berlin"]
[Date "2006.02.21"]
[Round "2"]
[White "Windmueller, Werner"]
[Black "Barnekow, Peter"]
[Result "1-0"]
[WhiteElo "1676"]
[BlackElo "1176"]
[PlyCount "51"]
[EventDate "2006.02.20"]
[EventType "swiss"]
[EventRounds "9"]
[EventCountry "GER"]
[SourceTitle "EXT 2007"]
[Source "ChessBase"]
[SourceDate "2006.11.23"]
[SourceVersion "1"]
[SourceVersionDate "2006.11.23"]
[SourceQuality "1"]

1. d4 Nf6 2. c4 e6 3. a3 d5 4. e3 c5 5. dxc5 Bxc5 6. b4 Bd6 7. Bb2 0-0 8. c5 Bc7 9. Nf3 Nc6 10. Bb5 Bd7 11. 0-0 a6 12. Be2 Na7 13. Nc3 Qe8 14. Qc2 Nb5 15. Nxb5 Bxb5 16. Bxb5 Qxb5 17. Bxf6 gxf6 18. Nd4 Qd7 19. f4 e5 20. Qf5 Qc8 21. Qh5 exd4 22. Rf3 dxe3 23. Rh3 Qxh3 24. Qxh3 Bxf4 25. Qg4+ Bg5 26. h4 1-0